000
00391nam a2200145Ia 4500
008
100122s9999 xx 000 0 und d
082
_b
25590
_a
823.08
100
_a
महानोर ना धों
245
_a
गपसप
260
_b
रवींद्र किम्बहुने
_c
1972
300
_a
55
630
_a
गपसप
730
_a
गपसप
942
_c
BOOK
999
_c
412312
_d
412309